000
00209 a2200097 4500
001
10509
100
_a
Stonier, A.W.
245
_a
Textbook of economic theory
260
_a
_b
E.L.B.S.
_c
090
_c
8124
_d
8124
942
_a
NUST-CAE
_c
M
_c
34850
999
_c
245582
_d
245582